University Home | Library Home | Institutional Repository

The Island means Minago / (Record no. 159069)

MARC details
000 -LEADER
fixed length control field 00655cam1a220024100 4500
001 - CONTROL NUMBER
control field lce00103642
008 - FIXED-LENGTH DATA ELEMENTS--GENERAL INFORMATION
fixed length control field 760917s1975 oncac 000 0 eng d
010 ## - LIBRARY OF CONGRESS CONTROL NUMBER
LC control number cn 76006329
015 ## - NATIONAL BIBLIOGRAPHY NUMBER
National bibliography number C76006329X
020 ## - INTERNATIONAL STANDARD BOOK NUMBER
Terms of availability
Field link and sequence number .95 pa. :
Terms of availability
-- .95
035 ## - SYSTEM CONTROL NUMBER
System control number (Sirsi) r16562
035 ## - SYSTEM CONTROL NUMBER
System control number (DLC)cn 76006329
035 ## - SYSTEM CONTROL NUMBER
System control number (UPRA)lce00103642
040 ## - CATALOGING SOURCE
Original cataloging agency CaOONL
Language of cataloging eng
Transcribing agency CaOONL
055 02 - CLASSIFICATION NUMBERS ASSIGNED IN CANADA
Classification number PS8501*
082 ## - DEWEY DECIMAL CLASSIFICATION NUMBER
Classification number C811/.5/4
100 1# - MAIN ENTRY--PERSONAL NAME
Personal name Acorn, Milton.
Linkage A74044.1
245 14 - TITLE STATEMENT
Title The Island means Minago /
Statement of responsibility, etc. Milton Acorn.
260 ## - PUBLICATION, DISTRIBUTION, ETC.
Place of publication, distribution, etc. Toronto :
Name of publisher, distributor, etc. NC Press,
Date of publication, distribution, etc. 1975.
500 ## - GENERAL NOTE
General note Poems.
949 ## - LOCAL PROCESSING INFORMATION (OCLC)
a PR9199.3.A18
w lcc
i -11562
m MAIN
t BOOK
l ON-SHELF

No items available.

© 2026 - The University of Zambia Library - Koha v25.11